000 00806nam a2200193Ii 4500
003 JO-AjNU
008 230605s9999||||xx |||||||||||||| ||und||
040 _aJO-AjNU
_bara
_erda
_cJO-AjNU
041 _aara
050 1 4 _aDS154.52.R53.W36 1997
100 3 _aالمركز الاردني والاسلامي بالتعاون مع وزارة الثقافة/عمان-الاردن,
_eauthor
_949972
245 0 0 _aسمير الرفاعي: قراءة في سيرته وتجربته
264 3 1 _aعمان: المركز الاردني للدراسات،1997
300 _a240ص
336 _atext
_btxt
_2rdacontent
337 _aunmediated
_bn
_2rdamedia
338 _avolume
_bnc
_2rdacarrier
650 4 _aالساسيون الاردنيون-تراجم، الاردن-تاريخ -سمير الرفاعي
_949973
999 _aA21983
_c25551
_d25551